| 000 | 00692nam a2200241 a 4500 | ||
|---|---|---|---|
| 001 | 780 | ||
| 003 | BR-CuiBMT | ||
| 005 | 20231117151210.0 | ||
| 008 | 231117s2007 spba 000 0 por d | ||
| 020 | _a9788522445967 | ||
| 040 |
_aBR-CuiBMT _cBR-CuiBMT |
||
| 080 |
_22007 _a657 |
||
| 090 |
_a657 _bG635c _c6. ed. |
||
| 100 | 1 | _aGonçalves, Eugênio Celso | |
| 245 | 1 | 0 |
_aContabilidade geral / _cEugênio Celso Gonçalves , Antônio Eustáquio Baptista. |
| 250 | _a6. ed. | ||
| 260 |
_aSão Paulo : _bAtlas, _c2007. |
||
| 300 |
_a378 p. : _bil. color. ; _c24 cm |
||
| 504 | _aInclui bibliografia. | ||
| 650 | _aContabilidade | ||
| 700 | 1 | _aBaptista, Antônio Eustáquio | |
| 942 |
_2udc _cLV |
||
| 999 |
_c780 _d780 |
||